Franchises NBA par villes qui les hébergent - Statistiques

Statistiques générales
  • Ce quiz a été pris 1 091 fois
    984 depuis la dernière actualisation
  • Le résultat moyen est 25 sur 29
Statistiques - réponses
Hint Réponse % Correct
Bulls Chicago
96%
Celtics Boston
95%
Clippers/Lakers Los Angeles
95%
Heat Miami
95%
Cavaliers Cleveland
92%
Spurs San Antonio
92%
Pistons Detroit
91%
Bucks Milwaukee
89%
Hornets Charlotte
88%
Knicks New York
88%
76ers Philadelphie
88%
Nets Brooklyn (New York)
87%
Nuggets Denver
87%
Hawks Atlanta
86%
Rockets Houston
86%
Suns Phoenix
86%
Raptors Toronto
86%
Grizzlies Memphis
85%
Magic Orlando
85%
Mavericks Dallas
84%
Kings Sacramento
84%
Warriors San Francisco
84%
Wizzards Washington
84%
Pelicans La Nouvelle-Orléans
82%
Thunder Oklahoma City
82%
Trail Blazzers Portland
81%
Pacers Indianapolis
80%
Timberwolves Minneapolis
79%
Jazz Salt Lake City
75%
Aucun quiz correspondant
Distribution des résultats
% des personnes avec chaque résultat
Percentile par nombre de réponses
Votre historique - résultats
Vous n’avez pas pris ce quiz depuis la dernière actualisation